000 03498nam0a2200397 4500
001 RU\NLR\BIBL_A\012924603
005 20230109150007.0
010 _a978-5-9710-9902-4
021 _aRU
_bКН-П-22-063854
_9КН-П-22-5519
035 _a(NLR Aleph) 012924603
035 _a(RuMoRGB)011217607
090 _a12655001
_c12655001
100 _a20221028d2022 u y0rusy50 ca
101 0 _arus
102 _aRU
105 _aa|||z||||||z|
181 1 _ai3
_baxxe
182 1 _an
200 1 _aГорода как "арены" микроэволюционных процессов
_eизменения поведения и популяционной структуры, отбор генотипов в "городских" популяциях птиц и других позвоночных
_fВ. С. Фридман, В. В. Суслов
203 _aТекст
_bвизуальный
_cнепосредственный
210 _aМосква
_cURSS
_cЛЕНАНД
_d2022
215 _a359 с.
_cил.
_d21
300 _aНа 4-й с. обл. авт.: канд. биол. наук В. С. Фридман, В. В. Суслов
300 _aЧасть информ. в кн. размещена в электрон. версии, доступ к которой в ссылке QR-кода
320 _aБиблиогр.: с. 325-359 и в подстроч. примеч.
330 _aОбсуждая урбанизацию "диких" видов птиц и млекопитающих, ученые рассматривают два механизма происходящих изменений. Первая концепция, распространенная в данный момент на Западе, гласит, что при урбанизации происходит своего рода одомашнивание, сходное с изменениями, описанными при одомашнивании лисиц, норок и прочих животных. Вторая концепция, предложенная авторами, предполагает, что при освоении городов "дикие" виды птиц и млекопитающих совершают инвазию в экстремальную среду обитания и приспосабливаются к ее наиболее общим параметрам, потому их физиология и генетика меняются в сторону позитивного отношения к новизне, лучшей дифференцировке происходящего вокруг в условиях беспокойства, большей точности действий в этих условиях - подобно антропогенезу. Данная книга написана в опровержение первой концепции и в доказательство второй
606 1 _aПтицы
_xВлияние антропических факторов
_91215317
_3RU\NLR\AUTH\66175489
606 1 _aСинантропные птицы
_92389663
_3RU\NLR\AUTH\6601645633
675 _a502.211:592/599(1-21)
_v4
686 1 _aЕ681.4
700 1 _aФридман
_bВ. С.
_f1968-
_gВладимир Семенович
701 1 _aСуслов
_bВ. В.
_gВалентин Владимирович
942 _cBOOK
980 _aNB